| Tag |
First Indicator |
Second Indicator |
Subfields |
| LEADER |
00000cam a2200000 a 4500 |
| 001 |
in00001069791 |
| 005 |
20150929101610.0 |
| 008 |
920408s1991 gw a b 001 0 ger d |
| 020 |
|
|
|a 3443150535
|
| 035 |
|
|
|a (OCoLC)25613547
|
| 035 |
|
|
|9 AFP2095AM
|
| 040 |
|
|
|a GZN
|c GZN
|d TXA
|d UtOrBLW
|
| 049 |
|
|
|a TXAM
|
| 090 |
|
|
|a QE269
|b .S347 1991
|
| 100 |
1 |
|
|a Schneider, Horst Ernst.
|
| 245 |
1 |
0 |
|a Saarland /
|c von Horst Schneider, mit Beiträgen von Dieter Jung.
|
| 264 |
|
1 |
|a Berlin :
|b Borntraeger,
|c 1991.
|
| 300 |
|
|
|a x, 271 pages :
|b illustrations ;
|c 20 cm.
|
| 336 |
|
|
|a text
|b txt
|2 rdacontent
|
| 337 |
|
|
|a unmediated
|b n
|2 rdamedia
|
| 338 |
|
|
|a volume
|b nc
|2 rdacarrier
|
| 490 |
1 |
|
|a Sammlung geologischer Führer,
|x 0343-737X ;
|v Bd. 84
|
| 500 |
|
|
|a Map on folded leaf in pocket.
|
| 504 |
|
|
|a Includes bibliographical references and indexes.
|
| 650 |
|
0 |
|a Geology
|z Germany
|z Saarland.
|
| 700 |
1 |
|
|a Jung, Dieter,
|d 1927-
|
| 830 |
|
0 |
|a Sammlung geologischer Führer.
|x 0343-737X ;
|v Bd. 84.
|
| 999 |
|
|
|a MARS
|
| 999 |
f |
f |
|s 9c4e4a1a-1d3a-328e-9bed-9f3233a701f2
|i 9c36be8e-a4e3-3375-81a3-3e56464b8617
|t 0
|
| 952 |
f |
f |
|p ric
|a Texas A&M University
|b Rellis Campus
|c Joint Library Facility
|d Remote Storage
|t 0
|e QE269 .S347 1991
|h Library of Congress classification
|i unmediated -- volume
|m A14815703741
|
| 998 |
f |
f |
|a QE269 .S347 1991
|t 0
|l Remote Storage
|